| 000 | 01339nam a2200265Ia 4500 | ||
|---|---|---|---|
| 999 |
_c55050 _d55050 |
||
| 001 | 22125 | ||
| 003 | GE_BSU | ||
| 005 | 20221107172545.0 | ||
| 008 | 181216s ||||ge |||||||||||||| ||geo|| | ||
| 010 | _a9789941937477 | ||
| 040 | _cGE_BSU | ||
| 041 | _ageo | ||
| 080 | _a005.8 პ-84 | ||
| 245 |
_aPMBOK guide = პროექტის მენეჯმენტი / _cპროექტის მენეჯერი გიორგი ზაუტაშვილი ; ინგლისურიდან თარგმნა თამარ ქორიძემ ; მთავარი რედაქტორი გოდერძი ტყეშელაშვილი. |
||
| 264 |
_aთბილისი : _bლაბირინთი, _c2014. |
||
| 300 |
_a430 გვ. ; _bნახ. ; _c29 სმ. |
||
| 541 | _h27ლ.90თ. | ||
| 653 | _aმენეჯმენტი | ||
| 653 | _aპროექტის მენეჯმენტი | ||
| 653 | _aPMBOK guide | ||
| 700 |
_aზაუტაშვილი, გიორგი _eპროექტის მენეჯერი _915760 |
||
| 700 |
_aქორიძე, თამარ _eმთარგმნელი _915761 |
||
| 700 |
_aტყეშელაშვილი, გოდერძი _eრედაქტორი _97734 |
||
| 942 |
_cBK _2udc |
||